Datum a čas kvízu
23
Celkem bodů
Celkový počet nahraných bodů na tomto kvízu bez doplňovacích otázek.
1.
Pořadí na kvízu
Konečné umístění týmu na tomto kvízu.
Zaznamenané odpovědi
| # | Otázka | Odpověď | Body | Výsledky |
|---|---|---|---|---|
| 1. | Zástupci organizace Liga Libe... | v roušce | 0 | |
| 2. | V pátek byl v italských Benátk... | Mojžíš | 0 | |
| 3. | Minulý týden vstoupil do kin d... | Meky | 1 | |
| 4. | Ve středu oslavil jeden význam... | Ryanair | 0 | |
| 5. | Hokejová NHL představila svůj... | Toronto, Edmonton | 0.5 | |
| 6. | Různé návykové látky jsou užív... | pelyněk (pravý) | 1 | |
| 7. | Tabákové listy obsahují návyko... | viržinský | 1 | |
| 8. | Konopí se odpradávna používá j... | kanabinoidy | 1 | |
| 9. | Opium se získává z nezralých m... | latex | 0 | |
| 10. | Kokain je získáván z listů tro... | D | 0 |